000 00457 a2200169 4500
001 132490
003 OSt
005 20220110123004.0
008
082 _a537.54
_bN33P
100 1 _aNelson, Jenny
245 1 _aThe physics of solar cells
_cby Jenny Nelson
260 _aLondon
_bImperial College Press
_c2010
300 _a363p.
690 _aPhotovoltaic cells; Solar cells; Photovoltaic effect
942 _2ddc
_cBK
999 _c6854
_d6854